000 01018nam a2200217 i 4500
001 167242
003 ES-MaACL
005 20250702193903.0
008 041108s1864 fr |||| | fre d
040 _aCAM
_bspa
_cCAM
100 1 _aVermorel, Auguste (
_d1841-1871)
_9133643
245 1 3 _aLa police pendant la Révolution & l'Empire
_b: deuxième partie des Mystères de la police.
260 _aParis ;
_aLeipsick :
_bJung-Treuttel, libraire,
_c1864 (
_eVersailles :
_fImprimerie Cerf)
300 _a320 p. ;
_c18 cm.
594 _aAutor tomado de BN Opale-Plus. Según este catálogo la obra "Les Mystères de la police" está compuesta por tres partes : 1. La police en France depuis Louis XIV jusqu'à la Révolution de 1789 -- 2. La police pendant la Révolution et l'Empire -- 3. La police contemporaine.
650 4 _aPolicía-
_zFrancia.
_916260
650 4 _a
_9241197
651 4 _aFrancia-
_xHistoria-
_y1789-1799, Revolución
_98685
852 _aES-MaACL
_jD-3744
_z-- Rúst.
999 _c167242
_d167242